00267nam a2200097 a 4500008004100000050001600041100002700057245006700084260000900151350000900160120416s1980 xx |||||||||||||| || u aTS 1583 Isl aIslam, Mohammed Reazul10aTechnology and employment in the cotton industry of Bangladesh c1980 a0.00